| 000 | 01504cam a2200349 a 4500 | ||
|---|---|---|---|
| 999 |
_c328582 _d328582 |
||
| 001 | 2078214 | ||
| 003 | Nust | ||
| 005 | 20170412122340.0 | ||
| 008 | 931203m19931998sz a bf i001 0 eng d | ||
| 010 | _a 94182429 | ||
| 020 |
_a9241544600 (v. 1) : _cSw.fr. 46.00 |
||
| 020 |
_a9241544805 (v. 2) : _cSw.fr. 260.00 |
||
| 035 | _a(OCoLC)29426130 | ||
| 040 |
_aNcD-MC _cNcD-MC _dOCoLC _dIU _dIDeKN _dDLC |
||
| 042 | _alccopycat | ||
| 050 | 0 | 4 |
_aTD215 _b.W67 1993 |
| 082 | 0 | 0 |
_a363.61 GUI _220 |
| 110 | 2 | _aWorld Health Organization. | |
| 245 | 1 | 0 | _aGuidelines for drinking-water quality. |
| 250 | _a2nd ed. | ||
| 260 |
_aGeneva : _bWorld Health Organization, _c1993-1998. |
||
| 300 |
_a3 v. : _bill. ; _c24 cm. |
||
| 500 | _aAt head of title: International Program on Chemical Safety. | ||
| 504 | _aIncludes bibliographical references and index. | ||
| 505 | 0 | _av. 1. Recommendations -- v. 2. Health criteria and other supporting information -- v. 3. Surveillance and control of community supplies. | |
| 650 | 0 |
_aDrinking water _xStandards _xHandbooks, manuals, etc. |
|
| 650 | 2 |
_aWater supply _xStandards |
|
| 710 | 2 | _aInternational Program on Chemical Safety. | |
| 906 |
_a7 _bcbc _ccopycat _du _encip _f19 _gy-gencatlg |
||
| 942 |
_2ddc _cBK _k363.61 GUI |
||